000 00645nam a2200277Ia 4500
005 20260121124656.0
008 008 260114s9999 xx 000 0 eng d
020 _a9781526151568
037 _aEBOOK
040 _aCRL
040 _beng
040 _cCRL
041 _2eng
041 _aeng
084 _qCRL
100 _aThrosby, Karen
_9980028
245 0 _aSugar rush
260 _bWalter de Gruyter
260 _bWalter de Gruyter
260 _c2023
650 _aPolitical Science
_9980029
856 _uhttp://www.degruyter.com/isbn/9781526151568
942 _cEBOOK
999 _c1556360
_d1556360